000 00750nam a2200217Ia 4500
001 10222
003 GE_BSU
008 181216s||||||||xx |||||||||||||| ||und||
040 _cGE_BSU
080 _a821.353.1–32
100 _aსამსონია,ალექსანდრე
245 _aწვიმიანი მზიანეთი
245 _bმოთხრობები
245 _cრედ:ემენ დავითაძე;მხატვ:ჯემალ ლოლუა.
260 _aბათუმი
260 _bსაბჭ.აჭარა
260 _c1976
300 _a240გვ;21სმ.
653 _aწვიმიანი მზიანეთი:მოთხრობები
942 _cBK
999 _c43491
_d43491